header

On the teaching of linear algebra (Record no. 73334)

MARC details
000 -LEADER
fixed length control field 01367nam a22003374a 4500
082 04 - DEWEY DECIMAL CLASSIFICATION NUMBER
Classification number 512/.5
245 10 - TITLE STATEMENT
Title On the teaching of linear algebra
260 ## - PUBLICATION, DISTRIBUTION, ETC. (IMPRINT)
Place of publication Dordrecht ;
-- Boston :
Name of publisher Kluwer Academic Publishers,
Year of publication c2000.
300 ## - PHYSICAL DESCRIPTION
Number of Pages xxii, 288 p. :
Other physical details ill.
490 1# - SERIES STATEMENT
Series statement Mathematics education library ;
650 #0 - SUBJECT ADDED ENTRY--TOPICAL TERM
Topical Term Algebras, Linear
700 1# - ADDED ENTRY--PERSONAL NAME
Personal name Dorier, Jean-Luc.
856 40 - ELECTRONIC LOCATION AND ACCESS
Uniform Resource Identifier http://site.ebrary.com/lib/rucke/Doc?id=10046964

No items available.

© 2026 Rongo University
Contact us: librarian | system librarian | Rongo university